| 000 | 00580nam a22001817a 4500 | ||
|---|---|---|---|
| 999 |
_c190183 _d190183 |
||
| 005 | 20220720114234.0 | ||
| 010 | _aENG-133714 | ||
| 020 |
_a9788183877787 _c2495.00 |
||
| 035 | _aEN-117246 | ||
| 037 | _bDBAD/PUB | ||
| 082 | _a320.550954 | ||
| 100 | _aPattanaik, D. D. | ||
| 245 |
_aCultural nationalism in Indian perspective / _cby D. D. Pattanaik |
||
| 260 |
_aNew Delhi _bSerials Publications _c2016 |
||
| 270 |
_a4830/24, Prahlad Street, Ansari Road, Daryaganj _bNew Delhi _e110002 |
||
| 300 |
_axii, 681p. _c22cm(Hb) |
||
| 942 |
_2ddc _cEN _h320.550954 _mPAT |
||